| 000 | 01040pam a2200301 a 4500 | ||
|---|---|---|---|
| 001 | 1860989 | ||
| 003 | ARRUPE | ||
| 005 | 20160921092230.0 | ||
| 008 | 820920s1983 nyu b 001 0 eng | ||
| 010 | _a 82018779 | ||
| 020 | _a0883441810 (pbk.) | ||
| 040 |
_aDLC _cDLC _dDLC |
||
| 050 | 0 | 0 |
_aBX5199.V443 _bS53 1983 |
| 082 | 0 | 0 |
_a266/.3/0924 _aB _219 |
| 100 | 1 |
_aShenk, Wilbert R. _9467 |
|
| 245 | 1 | 0 |
_aHenry Venn--missionary statesman / _cWilbert R. Shenk. |
| 260 |
_aMaryknoll, _bOrbis Books, _c1983. |
||
| 300 |
_axvi, 175 p. ; _c24 cm. |
||
| 440 | 0 |
_aAmerican Society of Missiology series ; _vno. 6 _926021 |
|
| 500 | _aIncludes index. | ||
| 504 | _aBibliography: p. 138-168. | ||
| 600 | 1 | 0 |
_aVenn, Henry, _d1796-1873. _926022 |
| 610 | 2 | 0 |
_aChurch Missionary Society _xHistory _y19th century. _926023 |
| 610 | 2 | 0 |
_aChurch of England _zEngland _xClergy _xBiography. _926024 |
| 650 | 0 |
_aMissions _xTheory _xHistory of doctrines _y19th century. _926025 |
|
| 906 |
_a7 _bcbc _corignew _d1 _eocip _f19 _gy-gencatlg |
||
| 942 |
_2lcc _cMONOGRAPH |
||
| 999 |
_c125300 _d125300 |
||